000
00202 a2200085 4500
999
_c
206529
_d
206529
020
_a
9781785481451
100
_a
Le Roux, Muriel
245
_a
Navelbine and Taxotere: histories of sciences
260
_c
2017